| 000 -LEADER |
| fixed length control field |
00879nam a22002777a 4500 |
| 001 - CONTROL NUMBER |
| control field |
8277209 |
| 003 - CONTROL NUMBER IDENTIFIER |
| control field |
LIBRIS |
| 005 - DATE AND TIME OF LATEST TRANSACTION |
| control field |
20210426102818.0 |
| 008 - FIXED-LENGTH DATA ELEMENTS--GENERAL INFORMATION |
| fixed length control field |
020113s2001 xxk 001 0 eng |
| 020 ## - INTERNATIONAL STANDARD BOOK NUMBER |
| International Standard Book Number |
0195141717 |
| 040 ## - CATALOGING SOURCE |
| Original cataloging agency |
BNB |
| Transcribing agency |
DLC |
| Modifying agency |
eng |
| 041 ## - LANGUAGE CODE |
| Language code of text/sound track or separate title |
eng |
| 080 ## - UNIVERSAL DECIMAL CLASSIFICATION NUMBER |
| Universal Decimal Classification number |
51 |
| Item number |
C-30 |
| 100 1# - MAIN ENTRY--PERSONAL NAME |
| Personal name |
Casti, John L. |
| Authority record control number or standard number |
180578 |
| 245 00 - TITLE STATEMENT |
| Title |
Mathematical mountaintops : |
| Remainder of title |
the five most famous problems of all time / |
| Statement of responsibility, etc. |
/ by: Oxford University Press |
| 260 ## - PUBLICATION, DISTRIBUTION, ETC. |
| Place of publication, distribution, etc. |
Oxford : |
| Name of publisher, distributor, etc. |
Oxford University Press, |
| Date of publication, distribution, etc. |
2001 |
| 300 ## - PHYSICAL DESCRIPTION |
| Extent |
177 p., Index 9 p. 4] p. of plates : |
| Other physical details |
ill. (some col.) ; |
| Dimensions |
24 cm |
| 365 ## - TRADE PRICE |
| Price amount |
25 usd |
| 504 ## - BIBLIOGRAPHY, ETC. NOTE |
| Bibliography, etc. note |
Bibliography: p.169-177 |
| 504 ## - BIBLIOGRAPHY, ETC. NOTE |
| Bibliography, etc. note |
Includes index |
| 650 #7 - SUBJECT ADDED ENTRY--TOPICAL TERM |
| Topical term or geographic name entry element |
Mathematics |
| Form subdivision |
Problems, exercises, etc. |
| Source of heading or term |
BNB |
| 653 ## - INDEX TERM--UNCONTROLLED |
| Uncontrolled term |
მათემატიკა |
| 942 ## - ADDED ENTRY ELEMENTS (KOHA) |
| Source of classification or shelving scheme |
|
| Koha item type |
Books |